| 000 | 00547nam a2200193Ia 4500 | ||
|---|---|---|---|
| 999 |
_c7944 _d7944 |
||
| 020 | _a9788178312682 | ||
| 082 | _a155 DEV- | ||
| 245 | 0 | _aDevelopmental psychology and education: bridging the gap | |
| 260 |
_aNew Delhi _bManak Publications _c2012 |
||
| 300 | _ax, 326 | ||
| 504 | _aincludes index | ||
| 650 |
_aDevelopmental psychology _vCongresses |
||
| 650 |
_aChild development _vCongresses |
||
| 650 |
_aEducational psychology _vCongresses |
||
| 700 | _aLamb, Michael | ||
| 700 | _aKoot, Hans M | ||
| 700 | _aKapur, Malavika | ||
| 942 | _cBK | ||